000 00569nam a2200181Ia 4500
005 20250603145806.0
008 250603s9999 xx 000 0 und d
020 _a9781032445281
050 _aHD 38.5 .S73/
100 _aStanisławski Robert and Szymonik Andrzej
245 0 _aSupply chains in reverse logistics : the process approach for sustainability and environmental protection
260 _aNew York, NY
260 _b Routledge, Taylor & Francis Group
260 _c2024
300 _ax, 334p. :ill. ; 26 cm
650 _aNew York, NY
942 _cBK
999 _c42871
_d42871